000 00611nam a22001937a 4500
999 _c6233
_d6233
003 OSt
005 20190819101540.0
008 190819b ||||| |||| 00| 0 eng d
020 _a0387989021
040 _cDDC
082 _a577.8BRA 2001.
100 _aBrauer,Fred;Castillo-Chavez,Carlos;
_912826
245 _aMathematical Models in Population Biology and Epidemiology;
_bt3exts inApplied Mathematics 40.
260 _aNewyork;
_bSpringer,
_c2001.
300 _axxiii,416p;
_bill;
_c26cm.
504 _aincludes answers, references and index.
650 _aMathematical Biology.
_93936
942 _2ddc
_cO_SHELF